000 02373nam0a2200457 4500
001 RU\NLR\bibl\1697229
005 20260407212604.0
010 _a978-5-392-01702-7
_92000
021 _aRU
_b2010-76218
_95076
035 _a(nilc)RSL-KNO-004741920
035 _a(NLR Aleph) 001688320
090 _a1144794
_c1144794
100 _a20101011d20112010|||y0rusy50 ca
101 0 _arus
102 _aRU
105 _ay |||||||||
200 1 _aКультурология
_eучебник
_f[В.П. Большаков, д.филос.н., проф., засл. работник высш. шк. РФ, Е.П. Борзова, д.филос.н., проф., С.Н. Иконникова, д.филос.н., проф., засл. деят. науки РФ и др.]
_gпод ред. С.Н. Иконниковой и В.П. Большакова
_gС.-Петерб. гос. ун-т культуры и искусства, Каф. теории и истории культуры
210 _aМосква
_cПроспект
_d2011 [т.е. 2010]
215 _a527 с.
_d22
300 _aАвт. указаны на обороте тит. л.
300 _aКн. фактически изд. в 2010 г.
320 _aБиблиогр.: с. 520-523 и в конце гл.
606 1 _aКультурология
_jУчебники
_91437504
_3RU\NLR\auth\66607983
610 0 _aкультурология
686 _aС555.2я73-1
_2rubbk
686 _aТ3(0)0-7я7
686 _aС550.2я7
686 _aЧ111я7
701 1 _aБольшаков
_bВ. П.
_gВалерий Павлович
_4070
701 1 _aБорзова
_bЕ. П.
_gЕлена Петровна
_4070
701 1 _4070
_aИконникова
_bС. Н.
_f1930-
_gСветлана Николаевна
_9143891
_3RU\NLR\AUTH\770143927
702 1 _4340
_aИконникова
_bС. Н.
_f1930-
_gСветлана Николаевна
_9143891
_3RU\NLR\AUTH\770143927
712 0 2 _4570
_aСанкт-Петербургский государственный университет культуры и искусств
_bКафедра теории и истории культуры
_3RU\NLR\AUTH\8810141872
_9778500
801 0 _aRU
_bРГБ
_c20101011
_grcr
801 1 _aRU
_bРГБ
_c20101011
801 2 _aRU
_bNLR
_c20101110
_grcr
942 _cBOOK
980 _aNB
980 _aNBR